| 000 | 00323cam a22001097a 4500 | ||
|---|---|---|---|
| 008 | 180718b2005 xxu||||| |||| 00| 0 eng d | ||
| 020 | _a8178814498 | ||
| 245 |
_aIT-enabled quality management systems _cedited by S. Jaya Krishna |
||
| 260 |
_aHyderabad _bICFAI Univ. Press _c2005 |
||
| 300 | _a182p. | ||
| 700 | _aKrishna, S. Jaya | ||
| 999 |
_c404880 _d404880 |
||